01117nam a22002777a 4500003000400000005001700004008004100021040002200062082001800084100002700102245004300129260004700172300001900219366000800238490001300246505007200259505016800331505001200499650004100511650005000552650004400602650004800646650004300694650005500737650004700792OSt20230503131034.0221006b |||||||| |||| 00| 0 eng d cBiblioteca Lado V a709.05bR643f aRoberts, Jameseeditor aFrieze/bContemporary Art And Culture/ bDurian Publications Ltd.aInglaterrac2003 c23x30cma108p. eeng a72v2003 tColumnsaLand Psychology Ephemera Design Music Books Obituary tFeaturesaPicture: Harry Smith's Under the influence A Secret history Mining for gold Home truths Notes from the underground Fantastic voyage Just for kicks tReviews 2Tesauro de Arte & ArquitecturaaARTE 2Tesauro de Arte & ArquitecturaaEXPOSICIONES  2Tesauro de Arte & ArquitecturaaCULTURA 2Tesauro de Arte & ArquitecturaaAPRECIACION 2Tesauro de Arte & ArquitecturaaTEORIA 2Tesauro de Arte & ArquitecturaaARTE CONTEMPORANEO 2Tesauro de Arte & ArquitecturaaINGLATERRA